000 01079nam a2200265 a 4500
003 CO-ViMGA
005 20230915233144.0
008 160903b xxu||||| |||| 00| 0 eng d
020 _a9789587752717
040 _aCO-ViMGA
_bspa
_cCO-ViMGA
082 0 4 _a634.44
_bM28m
100 1 _aMesa C, Nora Cristina
_94823
245 0 0 _aPrograma de manejo fitosanitario en mango en el Departamento del Valle del Cauca /
_cNora Cristina Mesa C.
260 _aCali :
_bUniversidad Nacional de Colombia Sede Palmira Facultad de Ciencias Agropecuarias :
_c2014.
300 _a54 páginas :
_bil, foto ; 28 cm.
504 _aIncluye referencias bibliográficas
650 1 4 _aMangos
_x Cultivo
_z Valle del Cauca (Colombia)
_95472
650 1 4 _aMangos
_x Enfermedades y plagas.
_95473
650 1 4 _aMangos
_x Enfermedades y plagas
_x Control biológico.
_95474
700 1 _aGómez López, Eyder Daniel.
_95475
700 1 _aHernández, Carlos Alberto.
_95477
700 1 _aMena, Yuri Mercedes.
_95476
942 _2ddc
_cBK
949 _an
_bn
999 _c35985
_d35985